000 00745nam a2200241Ia 4500
003 OSt
005 20220923214838.0
006 a|||||r|||| 00| 0
007 ta
008 220922b |||||||| |||| 00| 0 hin d
024 _a173,268
037 _cTextual
040 _aARTS
_cARTS
_bhin
041 _2hin
_ahin
082 _aO152,6vJ5, K5
100 _aहरीश
245 0 _aआदिकाल का हिन्दी गद्य साहित्य सं 1 से 15
246 _aĀdikāl kā hindī gadya sāhitya san 1000 se 1500
260 _c1965
650 _aहिन्दी साहित्य
_9156264
942 _hO152,6vJ5, K5
_cTEXL
_2CC
999 _c327175
_d327175